Teoria de las bóvedas cáscaras
Na minha lista:
| Autor principal: | |
|---|---|
| Formato: | Desconhecido |
| Publicado em: |
[San José, Costa Rica]
1947
|
| Tags: |
Adicionar Tag
Sem tags, seja o primeiro a adicionar uma tag!
|
MARC
| LEADER | 00000 a2200000 4500 | ||
|---|---|---|---|
| 003 | 010944 | ||
| 005 | 20221231143800.0 | ||
| 008 | 140114s1947 c a m 000 ||s d | ||
| 040 | |c cru CEDI | ||
| 090 | |a TFG 14 | ||
| 100 | |a Rojas B., Fernando A |9 16989 | ||
| 245 | |a Teoria de las bóvedas cáscaras | ||
| 260 | |c 1947 |a [San José, Costa Rica] | ||
| 300 | |a [42] hojas ; ilustraciones | ||
| 500 | |a Tesis (ingeniero civil)--Universidad de Costa Rica. Facultad de Ingeniería. Escuela de Ingeniería Civil | ||
| 501 | |a Ed. mecaniografiada | ||
| 942 | |c TFG | ||
| 999 | |c 11882 |d 11882 | ||
